La dynastie morgan les rois de la haute finance

محفوظ في:
التفاصيل البيبلوغرافية
المؤلف الرئيسي: Schwarz, Fritz
التنسيق: كتاب
اللغة:Undetermined
الموضوعات:
الوسوم: إضافة وسم
لا توجد وسوم, كن أول من يضع وسما على هذه التسجيلة!
Thư viện lưu trữ: Trung tâm Học liệu Trường Đại học Cần Thơ
LEADER 00509nam a2200169Ia 4500
001 CTU_105528
008 210402s9999 xx 000 0 und d
082 |a 332.0681 
082 |b S411 
100 |a Schwarz, Fritz 
245 0 |a La dynastie morgan les rois de la haute finance 
245 0 |c Fritz Schwarz 
650 |a Morgan, J. P. (John Pierpont),J.P. Morgan & Co.,Finance 
650 |y 1867-1943 
650 |z United States 
904 |i Hiếu 
980 |a Trung tâm Học liệu Trường Đại học Cần Thơ